Faculty of Law Library — Cairo University

Official Online Catalog

NÉVROSES ET IDÉES FIXES : (Record no. 73462)

MARC details
000 -LEADER
fixed length control field 01241nam a2200313 i 4500
003 - CONTROL NUMBER IDENTIFIER
control field EG-GICUC
005 - DATE AND TIME OF LATEST TRANSACTION
control field 20260426115041.0
008 - FIXED-LENGTH DATA ELEMENTS--GENERAL INFORMATION
fixed length control field 260426s1908 fr a|||fr|||| 00| 0 fre d
040 ## - CATALOGING SOURCE
Original cataloging agency EG-GiCUC
Transcribing agency EG-GiCUC
Modifying agency EG-GiCUC
Description conventions Rda
082 04 - DEWEY DECIMAL CLASSIFICATION NUMBER
Edition number 21
Classification number 343.84
Item number RA . N
092 04 - LOCALLY ASSIGNED DEWEY CALL NUMBER (OCLC)
Edition number 21
099 ## - LOCAL FREE-TEXT CALL NUMBER (OCLC)
Classification number Law1 10 343.84 RA . N 1908
100 1# - MAIN ENTRY--PERSONAL NAME
Personal name RAYMOMD, F.
Relator term Auteur
245 10 - TITLE STATEMENT
Title NÉVROSES ET IDÉES FIXES :
Remainder of title FRAGMENTS DES LEÇONS CLINIQUES DU MARDI SUR LES NEVROSES, LES MALADIES PRODUITES PAR LES EMOTIONS, LES IDEES ONSEDANTES ET LEUR TRAITEMENT /
Statement of responsibility, etc. Le Dr F. RAYMOMD , le Dr Plerre Janet.
250 ## - EDITION STATEMENT
Edition statement Deuxieme Edition.
264 #1 - PRODUCTION, PUBLICATION, DISTRIBUTION, MANUFACTURE, AND COPYRIGHT NOTICE
Place of production, publication, distribution, manufacture Paris :
Name of producer, publisher, distributor, manufacturer Felix Alcan,
Date of production, publication, distribution, manufacture, or copyright notice 1908.
300 ## - PHYSICAL DESCRIPTION
Extent 559 page :
Other physical details illustration ;
Dimensions 24 cm.
336 ## - CONTENT TYPE
Source rda contenu
Content type term texte
337 ## - MEDIA TYPE
Source rda medias
Media type term Ordinateur
338 ## - CARRIER TYPE
Source transporteur rda
Carrier type term Ressource en ligne
490 ## - SERIES STATEMENT
Series statement Travaux du Laboratoire de Psychologie de la elinique à la Salpêtrière
Volume/sequential designation DEUXIÈME SERI
500 ## - GENERAL NOTE
General note Ance 97 figures dans le texte
650 14 - SUBJECT ADDED ENTRY--TOPICAL TERM
Topical term or geographic name entry element Médecine des maladies mentales et psychiques
Source of heading or term qrmak
651 1# - SUBJECT ADDED ENTRY--GEOGRAPHIC NAME
Source of heading or term qrmak
700 1# - ADDED ENTRY--PERSONAL NAME
Personal name Janet, Plerre
Relator term Co-Auteur
856 40 - ELECTRONIC LOCATION AND ACCESS
Uniform Resource Identifier <a href="https://fll.law.cu.edu.eg/fulltext/bks/B10-11401.pdf">https://fll.law.cu.edu.eg/fulltext/bks/B10-11401.pdf</a>
905 ## - Cataloger and Reviser Names
Cataloger Name: Mayar Adel
942 ## - ADDED ENTRY ELEMENTS (KOHA)
Source of classification or shelving scheme Dewey Decimal Classification
Koha item type Books
Edition 21
Suppress in OPAC No
Holdings
Withdrawn status Lost status Source of classification or shelving scheme Damaged status Not for loan Collection Home library Current library Date acquired Total checkouts Full call number Barcode Date last seen Copy number Price effective from Koha item type
    Dewey Decimal Classification   Not for loan القانون الجنائي جــــامعة القــاهرة مكتبة كلية الحقوق - المبنى الرئيسي 26.04.2026   Law1 10 343.84 RA . N 1908 1011401 C1 B10-11401 26.04.2026 1 26.04.2026 Books

© All rights reserved — Faculty of Law, Cairo University